Flughafencodes Europa #1 - Statistiken

Allgemein
  • Dieses Quiz wurde 71 mal gespielt
  • Das Durchschnittsergebnis liegt bei 14 aus 15
Antwortstatistiken
Hint Antwort % Korrekt
Manchester MAN
100%
Berlin BER
98%
Istanbul IST
98%
Madrid MAD
98%
München MUC
98%
Nizza NCE
98%
Warschau WAW
98%
Amsterdam AMS
97%
Athen ATH
97%
Kopenhagen CPH
97%
London Gatwick LGW
97%
Bremen BRE
95%
Leipzig LEJ
93%
Stockholm ARN
79%
Malaga AGP
75%
Keine übereinstimmenden Quizze gefunden
Verteilung der Resultate
Anzahl Personen mit jedem Resultat
Perzentil nach korrekt beantworteten Fragen
Ihre Resultats-Entwicklung
Sie haben dieses Quiz noch nicht gespielt